000 01040cam a22003015a 4500
001 9676221
005 20161106142419.0
008 101108s2014 ii a frbd 001 0 eng d
020 _z9788131727591
040 _aUMI
_cUMI
_beng
_dEG-ScBUE
082 0 4 _222
_a004.6
_bSUB
100 1 _aSubramanian, Mani.
245 1 0 _aNetwork management :
_bprinciples and practice /
_cMani Subramanian ; with contributions from Timothy A. Gonsalves, N. Usha Rani.
250 _a11th impression.
260 _aNew Delhi :
_bDorling Kindersley,
_c2014.
300 _axxvi, [2], 695 p. :
_bill. ;
_c24 cm.
500 _aGlossary : p. [663]-671.
500 _aIndex : p. [683]-695.
504 _aBibliography : p. [673]-682.
506 _aAccess restricted by licensing agreement.
650 7 _aComputer networks
_xManagement.
_2BUEsh
_93818
651 _2BUEsh
653 _bCOMSCI
_cNovember2016
700 1 _aGonsalves, Timothy A.,
_econtributor.
700 1 _aUsha Rani, N.,
_econtributor.
710 2 _aSafari Books Online (Firm)
942 _2ddc
999 _c23032
_d23004